| 000 | 00337 a2200133 4500 | ||
|---|---|---|---|
| 999 |
_c325601 _d325601 |
||
| 001 | 90528 | ||
| 003 | NUST | ||
| 082 | _a297 ESP | ||
| 100 |
_aEsposito _99886 |
||
| 245 |
_aWhat Everyone Needs to Know About Islam _hEnglish |
||
| 260 |
_aUSA _bOxford University Press _c2002 |
||
| 300 | _axviii, 204p. | ||
| 500 | _aGeneral Books | ||
| 942 |
_aCAE NUST _cBK _k297 ESP _2ddc |
||